Wszystkie miejscowości wyspy Wolin(z mapą) - Statystyki

Ogólne statystyki
  • Ten quiz został rozwiązany 21 razy
  • Średni wynik to 13 z 37
Odpowiedzi na mapie
Odpowiedzi zakodowano w zielono-czerwonej skali na mapie do tego quizu, zgodnie z poniższymi procentami.
 
Statystyki odpowiedzi
Status Miejscowość % Poprawnych
miasto Świnoujście
95%
miasto Wolin
95%
miasto Międzyzdroje
89%
miasto Dziwnów
84%
wieś Lubin
58%
wieś Międzywodzie
53%
wieś Wisełka
53%
wieś Wapnica
42%
wieś Dargobądz
32%
wieś Kołczewo
32%
wieś Warnowo
32%
wieś Zastań
32%
osada Biała Góra
26%
wieś Chynowo
26%
wieś Darzowice
26%
wieś Jarzębowo
26%
wieś Kodrąb
26%
wieś Kodrąbek
26%
wieś Ładzin
26%
wieś Łuskowo
26%
wieś Mokrzyca Mała
26%
wieś Mokrzyca Wielka
26%
wieś Sierosław
26%
wieś Unin
26%
wieś Domysłów
21%
wieś Korzęcin
21%
wieś Płocin
21%
wieś Rekowo
21%
osada Świętouść
21%
wieś Wicko
21%
wieś Żółwino
21%
osada Grodno
16%
kolonia Jaromierz
16%
wieś Karnocice
16%
wieś Łojszyno
16%
wieś Rabiąż
16%
osada Sułomino
16%
Nie znaleziono quizów pasujących do podanych kryteriów
Rozkład punktacji
Procent ludzi z każdym wynikiem
Percentyl według liczby udzielonych odpowiedzi
Twoja historia wyników
Nie rozwiązałeś tego quizu